书目信息 |
| 题名: |
新编医学论文写作与投稿
|
|
| 作者: | 史继学 主编 | |
| 分册: | ||
| 出版信息: | 北京 中国医药科技出版社 1996.01 |
|
| 页数: | 807页 | |
| 开本: | 26cm | |
| 丛书名: | ||
| 单 册: | ||
| 中图分类: | R:H152.3 | |
| 科图分类: | ||
| 主题词: | 医药学 | |
| 电子资源: | ||
| ISBN: | 7-5067-0745-4 | |
| 000 | 00590nam0 2200193 45 | |
| 001 | 0003250852 | |
| 005 | 20000325091458.9 | |
| 010 | @a7-5067-0745-4@b精装@d59.00元 | |
| 100 | @a20000325d1996 km y0chiy0120 ea | |
| 101 | 0 | @achi |
| 105 | @a z 000yy | |
| 200 | 1 | @a新编医学论文写作与投稿@AXin Bian Yi Xue Lun Wen Xie Zuo Yu Tou Gao@f史继学等 主编@FShi Ji Xue Deng Zhu Bian |
| 210 | @a北京@c中国医药科技出版社@d1996.01 | |
| 215 | @a807页@d26cm | |
| 606 | 0 | @a医药学 |
| 690 | @aR:H152.3@v3 | |
| 701 | 0 | @a史继学@4主编 |
| 801 | @aCN@b8012@c20000325 | |
| 905 | @aBZT@b70943-947@dR:H152.3@e1@f5 | |
| 新编医学论文写作与投稿/史继学等 主编.-北京:中国医药科技出版社,1996.01 |
| 807页;26cm |
| ISBN 7-5067-0745-4(精装):59.00元 |
| ● |
| 相关链接 |
|
|
|
正题名:新编医学论文写作与投稿
索取号:R:H152.3/1
 
预约/预借
| 序号 | 登录号 | 条形码 | 馆藏地/架位号 | 状态 | 备注 |
| 1 | 70943 | 200723878 | 教材工具书阅览室/工1架A面3层2列/ [索取号:R:H152.3/1] | 在馆 | |
| 2 | 70944 | 200723707 | 教材工具书阅览室/工1架A面2层3列/ [索取号:R:H152.3/1] | 在馆 | |
| 3 | 70945 | 200723690 | 教材工具书阅览室/工1架A面5层4列/ [索取号:R:H152.3/1] | 在馆 | |
| 4 | 70946 | 200723869 | 教材工具书阅览室/工1架A面2层3列/ [索取号:R:H152.3/1] | 在馆 | |
| 5 | 70947 | 200723850 | 教材工具书阅览室/工1架A面3层2列/ [索取号:R:H152.3/1] | 在馆 |